| Поле | Название | Значение |
| |
Тип записи |
a |
| |
Библиографический уровень |
a |
| 001 |
Контрольный номер |
RU/REG73/CBS_GRAD/45d9ea1bb8e84115af59abf28a74735c |
| 005 |
Дата корректировки |
20231218145322.6 |
| 100 |
Данные общей обработки |
__ |
| a |
Данные общей обработки |
20231218d2023####|||a0rusy0189 ca |
| 101 |
Язык документа |
0_ |
| a |
Язык текста |
rus |
| 102 |
Страна публикации |
__ |
| a |
Страна публикации |
RU |
| 200 |
Заглавие и сведения об ответственности |
1_ |
| a |
Заглавие |
Поэт в себе |
| e |
Сведения, относящиеся к заглавию |
К 150-летию Валерия Брюсова |
| f |
Первые сведения об ответственности |
Георгий Судовцев |
| 461 |
Уровень набора |
_0 |
| 1 |
|
2000 |
| a |
|
Завтра |
| 463 |
Уровень физической единицы |
_0 |
| 1 |
|
2000 |
| a |
|
№ 49(1561)(декабрь) |
| v |
|
С.7. |
| 1 |
|
2101 |
| d |
|
2023 |
| 1 |
|
300 |
| а |
|
Выходит еженедельно |
| 1 |
|
333 |
| а |
|
16+ |
| 1 |
|
001RU/REG73/CBS_GRAD/813cf2b4bc2a4385bfef72e65cfceefc |
| 610 |
Ключевые слова |
0_ |
| a |
Ключевые слова |
Брюсов, поэты, юбилей поэта |
| 686 |
Индексы других классификаций |
__ |
| a |
Классификационный индекс |
84(2 Рос=Рус)1 |
| 2 |
Код системы |
rubbk |
| 700 |
Автор |
_1 |
| a |
Фамилия |
Судовцев |
| b |
Имя (инициалы) |
Г. |
| g |
Полное личное имя |
Георгий |
| 801 |
Источник записи |
_0 |
| a |
Страна |
RU |
| b |
Организация |
RuCBSGrad |
| c |
Дата составления |
20231218 |
| g |
Правила каталогизации |
RCR |
| 801 |
Источник записи |
_1 |
| a |
Страна |
RU |
| b |
Организация |
RuCBSGrad |
| c |
Дата составления |
20231218 |
| g |
Правила каталогизации |
RCR |
| 901 |
Тип документа |
__ |
| t |
Тип документа |
f |
| w |
Контрольный № источника |
RU/REG73/CBS_GRAD/813cf2b4bc2a4385bfef72e65cfceefc |